000 00264nam a22001217a 4500
008 170713b xxu||||| |||| 00| 0 eng d
041 _aeng
080 _a038
100 _a23
101 _aFJA
245 _aTHE LIVING LANGUAGE COURSE
_cWEIMAN,R
942 _2udc
_cBK
999 _c20428
_d20428